| 000 | 00339nam a2200133Ia 4500 | ||
|---|---|---|---|
| 005 | 20260328104334.0 | ||
| 008 | 260328s9999||||xx |||||||||||||| ||und|| | ||
| 100 | _aHornung, David | ||
| 245 | 0 |
_aColor, a wokshop for artists & Designers / _cDavid Hornung |
|
| 260 | _bLaurence King | ||
| 300 | _a157 p. | ||
| 650 | _aTEXTILES | ||
| 942 | _cBK | ||
| 999 |
_c11815 _d11815 |
||